Eliminating "Junk" writing: ready to write (Record no. 67636)

MARC details
000 -CABECERA
campo de control de longitud fija 00558nam a2200205 a 4500
005 - FECHA Y HORA DE LA ÚLTIMA TRANSACCIÓN
campo de control 20210219153052.0
008 - ELEMENTOS DE LONGITUD FIJA--INFORMACIÓN GENERAL
campo de control de longitud fija 991125n 000 0 eng u
035 ## - NÚMERO DE CONTROL DEL SISTEMA
Número de control de sistema UPN01000075664
100 1# - ASIENTO PRINCIPAL--NOMBRE PERSONAL
Nombre de persona Avery, Carol
222 ## - TÍTULO CLAVE
Título clave INSTRUCTOR
245 ## - MENCIÓN DE TÍTULO
Título Eliminating "Junk" writing: ready to write
300 ## - DESCRIPCIÓN FÍSICA
Extensión 22
362 ## - FECHAS DE PUBLICACIÓN Y/O DESIGNACIÓN SECUENCIAL
Fecha de publicación y/o designación secuencial 1993 102, no. 6
653 0# - TERMINO DE INDIZACION - NO CONTROLADO
Término no controlado ACTIVIDADES DE CLASE
653 0# - TERMINO DE INDIZACION - NO CONTROLADO
Término no controlado DESARROLLO DE HABILIDADES
653 0# - TERMINO DE INDIZACION - NO CONTROLADO
Término no controlado INSTRUCCION PARA LA ESCRITURA
653 0# - TERMINO DE INDIZACION - NO CONTROLADO
Término no controlado REVISION (COMPOSICION ESCRITA)
904 ## - ELEMENTOS DE DATOS D LOCAL, LDD (RLIN)
a AC
b 013475
905 ## - TIPO DE MATERIAL
Tipo de material Articulo

No items available.